000 00860nam a2200253 i 4500
001 141232
003 ES-MaACL
005 20230906200242.0
007 t|
008 070920s1973 fr ||||1| fre d
080 _a840-2.09"17"
080 _a308(44)"17":840-2.09
100 1 _aHamiche, Daniel.
_961651
245 1 3 _aLe théatre et la Révolution :
_bla lutte de classes au théatre en 1789 et en 1793 /
_cDaniel Hamiche.
260 _aParis :
_bUnion Générale d'Editions,
_c[1973]
300 _a317 p. ;
_c18 cm.
490 1 _aInédit, 10/18 ;
_v801
500 _aÍndice.
650 4 _aTeatro francés-
_yS.XVIII-
_xHistoria y crítica.
_9174694
650 4 _aTeatro y sociedad-
_zFrancia.
_917393
830 1 _aInédit, 10/18 ;
_v801
_9220394
852 4 _aES-MaACL
_jE-12169
_z- Biblioteca Jacinto Martínez Lacalle
999 _c141232
_d141232